Loading...
| Science - Chemistry | 0 | 5 | 2 | 1 | 40 | 116 | 126.00 | 0 | 1 |
| Science - Physics | 0 | 4 | 3 | 1 | 25 | 101 | 125.25 | 0 | 0 |
| Other Science (Earth Science) | 0 | 2 | 0 | 0 | 20 | 92 | 100.00 | 0 | 1 |
| Social Science | 0 | 1 | 0 | 0 | 10 | 142 | 142.00 | 0 | 0 |
| History - American History | 0 | 1 | 0 | 1 | 10 | 141 | 141.00 | 0 | 0 |
| Other Science (Astronomy) | 0 | 1 | 0 | 0 | 10 | 107 | 107.00 | 0 | 1 |
| Other Science (Math) | 0 | 1 | 0 | 1 | 10 | 150 | 150.00 | 0 | 0 |
| Science - Biology | 0 | 1 | 2 | 0 | 0 | 108 | 108.00 | 0 | 1 |
| Philosophy | 0 | 0 | 0 | 0 | 0 | 0.00 | 0 | 0 | |
| Literature - British Literature | 0 | 0 | 0 | 0 | 0 | 0.00 | 0 | 0 | |
| Other Academic | 0 | 0 | 0 | 0 | 0 | 0.00 | 0 | 0 | |
| Fine Arts - Classical Music and Opera | 0 | 0 | 0 | 0 | 0 | 0.00 | 0 | 0 | |
| Religion | 0 | 0 | 1 | 0 | -5 | 0.00 | 0 | 0 | |
| Literature - American Literature | 0 | 0 | 1 | 0 | -5 | 0.00 | 0 | 0 | |
| History - Other History | 0 | 0 | 1 | 0 | -5 | 0.00 | 0 | 0 | |
| History - World History | 0 | 0 | 1 | 0 | -5 | 0.00 | 0 | 0 |